LEADER 01694nam a2200313 a 4500 001 000000002802 003 CaOOAMICUS 005 20101118122024.0 008 941214s1644 it a u000 u lat r 035 $a10070117 040 $aPUL$bita 100 1 $aBecillo, Cesare,$cC.Or.$0(OLS)http://pul/name/2979 245 10$aSanctorum Evangeliorum connexio in qua, servato Evangelistarum ordine, rerum series, ac tempora notis indicantur /$cAuctore Caesare Becillo Urbinate ... 260 $aRomae :$bTypis. Vaticanis,$c1644$f[Fr. Hyac. Serron. Mag. Reverendiss. P.Fr. Michaeli Mazarini S.P. Apost. Mag. Ord. Praed.] 300 $a[30], 495 p. :$bill. ;$c13 cm 500 $aNel v. del front. presenza di ulteriori note tipografiche. 500 $aAntiporta calcografico. 500 $aTestatine e iniziali xilogr. 500 $aIncisione xil. a piena pagina a c. 2[croce]8 v. 500 $aInclude indici. 662 $aItalia$dRoma.$0(OLS)http://pul/subject/34878 710 2 $aStamperia Vaticana$4pbl.$0(OLS)http://pul/name/71460 850 $aPUL 852 $aPUL$W1$xDP1 Antico 600$y25$m10(1) A 4$j3719$nBK-PRI$qStampati Antico$B3719$CPULBib$Z2$F3719 $82 941 1 $a15 961 $aPrecedenti collocazioni: 6. B. 7 ; g VI 7.Nota mss. sulla prima c. di guardia ant.: Dono auctoris 1644.Sul front.: Ex libris Agentis Cleri Scoticani Romae 1706.Maniculae all'interno del testo.Stato di conservazione: legatura da restaurare. 996 $6245$aSanctorum Evangeliorum connexio in qua, servato Evangelistarum ordine, rerum series, ac tempora notis indicantur$9(OLS)http://pul/title/4089 996 $6260$aRomae :$bTypis. Vaticanis$9(OLS)http://pul/publisher/49530 LEADER 01531nam a2200349 a 4500 001 000000162000 003 CaOOAMICUS 005 20170718093701.0 008 170718s2017 vc u000 u ita r 020 $a978-88-465-1172-0* 032 $aLibriCat 040 $aPUL$bita 082 04$a230 245 00$aPer un progetto di sintesi interdisciplinare :$bteologia, filosofia, diritto /$cEnrico Dal Covolo (ed.) 260 $aCittą del Vaticano :$bLateran University Press,$c©2017. 300 $a41 p. ;$c21 cm. 490 1 $aLe lanterne ;$v21 504 $aBibliografia in nota. 650 4$aAntropologia giuridica.$0(OLS)http://pul/subject/33324 650 4$aAntropologia teologica.$0(OLS)http://pul/subject/34471 700 1 $aDal Covolo, Enrico,$cSDB, vescovo,$d1950-$0(OLS)http://pul/name/6077 830 3$aLe lanterne (Lateran University Press) ;$v21.$0(OLS)http://pul/title/161006 850 $aPUL 852 $aPUL$W1$xSL Religione 3$y85$m230 COLL 6.21$j185979$qDDC 21$B189199$CPULBib$Z2$F189199 $H130018 $81 941 1 $a9 960 $aUomo (teologia)$934471 960 $aUomo (teologia)$934471 996 $6020$a978-88-465-1172-0* $9(OLS)http://pul/number/163026 996 $6082$a230$9(OLS)http://pul/classification/368 996 $6245$aPer un progetto di sintesi interdisciplinare :$bteologia, filosofia, diritto$9(OLS)http://pul/title/201762 996 $6260$aCittą del Vaticano :$bLateran University Press$9(OLS)http://pul/publisher/74585